00629nam a2200217Ia 4500008004100000041001200041082001200053100001900065245003100084365000700115520005300122520001200175546001200187630003100199650001200230655001200242730003100254942000900285999001900294952009800313101110s9999 xx 000 0 und d aMARATHI bSR19141 aNanduskar M.D. aSahityasuchi : Diwali 1982 b25 aLoss and cost paid/receipt no. 1295, dt.17/10/07 aMarathi aMARATHI aSahityasuchi : Diwali 1982 aMarathi aMarathi aSahityasuchi : Diwali 1982 cBOOK c812490d812487 00104070aDBJbDBJd2010-11-11g25.00l0pDBJSR19141r2010-11-11 00:00:00w2010-11-11yBOOK